| 000 | 00344 a2200133 4500 | ||
|---|---|---|---|
| 082 | _a297.09 | ||
| 090 |
_c4044 _d4044 |
||
| 100 | _aIbn-e-Khuldoon | ||
| 245 |
_aTareekh Ibn-e-Khaldoon (Vol 7-8) _cIbn-e-Khuldoon |
||
| 260 |
_aKarach: _bNafees Academy, _c1990. |
||
| 300 |
_a453 p. ; _c24 cm. |
||
| 650 | _a Islam--History. | ||
| 942 |
_cBK _k297.09 IBN |
||
| 999 |
_c7941 _d7941 |
||